000 00667nam a2200241Ia 4500
003 OSt
005 20221006153509.0
006 a|||||r|||| 00| 0
007 ta
008 221006b |||||||| |||| 00| 0 chi d
020 _a9867614062
024 _a32,467
037 _bGift, Republic of China
_cTextual
040 _aEASL
_cEASL
_bchi
041 _2chi
_achi
100 _aZHENG Zun Ren Au.
_9664266
245 0 _aTaiwan tangdai fo jiwen xue yanjiu
260 _aTaiwan
_bShowwe Information Co.
_c2003
300 _a272p.
_ccm.
650 _aCL
_9642733
942 _cTEXL
_2CC
999 _c1100553
_d1100553